Rural management in post-reform era / (Record no. 78246)

MARC details
000 -LEADER
fixed length control field 00637nam a22002057a 4500
005 - DATE AND TIME OF LATEST TRANSACTION
control field 20130916163655.0
010 ## - LCCN (DPL NO)
LC control number ENG-108250
020 ## - INTERNATIONAL STANDARD BOOK NUMBER
Terms of availability 995.00
International Standard Book Number 9789380574325
035 ## - SYSTEM CONTROL NUMBER
System control number EN-91783
037 ## - SOURCE OF ACQUISITION
Source of stock number/acquisition DBAD/PUB
082 ## - DEWEY DECIMAL CLASSIFICATION NUMBER
Classification number 307.14120954
245 ## - TITLE STATEMENT
Title Rural management in post-reform era /
Statement of responsibility, etc edited by K. Nagaraja Rao, Harnam Singh [and] Anita Sukhwal
260 ## - PUBLICATION, DISTRIBUTION, ETC. (IMPRINT)
Place of publication, distribution, etc Delhi
Name of publisher, distributor, etc Bookwell
Date of publication, distribution, etc 2012
270 ## - ADDRESS
Address 3/79, Nirankari Colony,
City Delhi
Postal code 110009
300 ## - PHYSICAL DESCRIPTION
Extent xvi,381p. :
Dimensions 23cm(Hb)
Other physical details ill.
700 ## - ADDED ENTRY--PERSONAL NAME
Personal name Rao, K. Nagaraja
700 ## - ADDED ENTRY--PERSONAL NAME
Personal name Harnam Singh
700 ## - ADDED ENTRY--PERSONAL NAME
Personal name Sukhwal, Anita
942 ## - ADDED ENTRY ELEMENTS (KOHA)
Source of classification or shelving scheme Dewey Decimal Classification
Item type English Books
Call number suffix RUR
Classification part 307.14120954
Holdings
Withdrawn status Lost status Not for loan Collection code Home library Current library Date acquired Source of acquisition Cost, normal purchase price Full call number Barcode Copy number Cost, replacement price Koha item type
    Not For Loan Non-fiction D.B.Act.Division D.B.Act.Division 31/07/2013 DBAD/PUB 995.00 307.14120954 RUR EN-91783 1 995.00 English Books

© Delhi Public Library
Hit Counter
free hit counter